10 stanów USA z najmniejszą ilością opadów - Statystyki

Ogólne statystyki
  • Ten quiz został rozwiązany 67 razy
  • Średni wynik to 7 z 10
Statystyki odpowiedzi
Stan cm % Poprawnych
Arizona 29,5
90%
Kalifornia 56,6
81%
Nevada 25,9
78%
Nowy Meksyk 35,1
78%
Kolorado 45,7
74%
Utah 34,3
74%
Montana 48
64%
Wyoming 40,6
62%
Dakota Południowa 53,8
48%
Dakota Północna 47,8
45%
Nie znaleziono quizów pasujących do podanych kryteriów
Rozkład punktacji
Procent ludzi z każdym wynikiem
Percentyl według liczby udzielonych odpowiedzi
Twoja historia wyników
Nie rozwiązałeś tego quizu